Drapeaux de Pâques - Statistiques

Statistiques générales
  • Ce quiz a été pris 313 fois
  • Le résultat moyen est 13 sur 15
Statistiques - réponses
Par images Réponse % Correct
États-Unis
100%
Royaume-Uni
100%
Argentine
98%
Chine
98%
Mexique
97%
Arabie Saoudite
94%
Serbie
84%
Cambodge
81%
Ouganda
77%
Liechtenstein
76%
Turkménistan
75%
Papouasie-Nouvelle-Guinée
72%
Zambie
71%
Éthiopie
67%
Saint-Vincent-et-les-Grenadines
62%
Aucun quiz correspondant
Distribution des résultats
% des personnes avec chaque résultat
Percentile par nombre de réponses
Votre historique - résultats
Vous n’avez pas pris ce quiz